| 000 | 01850nam0a2200325 4500 | ||
|---|---|---|---|
| 001 | RU\NLR\bibl\1016995 | ||
| 005 | 20260405121358.0 | ||
| 010 |
_a5-903072-45-3 _9500 |
||
| 021 |
_aRU _b2006-67685 _93401 |
||
| 035 | _a(NLR Aleph) 001004561 | ||
| 090 |
_a599883 _c599883 |
||
| 100 | _a20061205d2006 |||y0rusy50 ca | ||
| 101 | 0 | _arus | |
| 102 | _aRU | ||
| 105 | _aa ||||||||| | ||
| 200 | 1 |
_aИспытания гидравлических устройств _eучебное пособие по курсу "Элементы и устройства гидро- и пневмосистем" для студентов, обучающихся по направлению "Автоматизация и управление" _fВ.И. Голубев, П.В. Могильников _gМ-во образования и науки Рос. Федерации, Федер. агентство по образованию, Моск. энерг. ин-т (Техн. ун-т) |
|
| 210 |
_aМосква _cИзд. дом МЭИ _d2006 |
||
| 215 |
_a51, [2] с. _cил. _d20 |
||
| 313 | _aАСУТП | ||
| 320 | _aБиблиогр. в конце кн. (5 назв.) | ||
| 606 | 1 |
_aГидроавтоматические устройства _jУчебные издания для высших учебных заведений _xИспытание _xЛабораторная практика _92455121 _3RU\NLR\auth\661459390 |
|
| 686 | _aЗ965-042.2я73-5 | ||
| 700 | 1 |
_4070 _8rus _7ca _aГолубев _bВ. И. _cканд. техн. наук, гидравлика _f1938- _gВладимир Иванович _3RU\NLR\AUTH\7747404 _930339 |
|
| 701 | 1 |
_aМогильников _bП. В. _gПавел Валерьевич _4070 |
|
| 801 | 0 |
_aRU _bNLR _c20061205 _grcr |
|
| 801 | 1 |
_aRU _bNLR _c20061205 |
|
| 830 | _aавт. по кн. | ||
| 942 | _cBOOK | ||
| 980 | _aNB | ||